Variability in physico-chemical properties of selected rubber growing soils of South-Eastern Nigeria (Record no. 72085)

MARC details
000 -LEADER
fixed length control field 00516nam a2200181Ia 4500
100 ## - MAIN ENTRY--AUTHOR NAME
Personal name Ibanga I J
245 #0 - TITLE STATEMENT
Title Variability in physico-chemical properties of selected rubber growing soils of South-Eastern Nigeria
260 ## - PUBLICATION, DISTRIBUTION, ETC. (IMPRINT)
Name of publisher Natural Rubber Research
Year of publication 2007
300 ## - PHYSICAL DESCRIPTION
Number of Pages 14-Sep
500 ## - GENERAL NOTE
General note Source Year: 2007
650 ## - SUBJECT ADDED ENTRY--TOPICAL TERM
Topical Term Nigeria
650 ## - SUBJECT ADDED ENTRY--TOPICAL TERM
Topical Term Physico-chemical properties
650 ## - SUBJECT ADDED ENTRY--TOPICAL TERM
Topical Term Soil
700 ## - ADDED ENTRY--PERSONAL NAME
Personal name Ekong E S
700 ## - ADDED ENTRY--PERSONAL NAME
Personal name Igbuku P A
942 ## - ADDED ENTRY ELEMENTS (KOHA)
Koha item type Journals
Holdings
Withdrawn status Lost status Damaged status Not for loan Home library Current library Shelving location Date acquired Serial Enumeration / chronology Koha item type
      Journals RRII Library RRII Library Agronomy 29/08/2008 Volume 20, Issue 02-Jan Journals